Statistics for Least Mexican U.S. States

Click here to take the quiz!

General Stats

  • This quiz has been taken 53 times
  • The average score is 9 of 12

Answers on the Map

Answers color-coded by a green-red scale on the quiz's map according to % correct below.
 

Answer Stats

PercentageAnswer% Correct
0.4Maine
95%
0.6Vermont
95%
1.0New Hampshire
93%
1.0Rhode Island
89%
1.6Connecticut
86%
1.6Maryland
80%
0.7Massachusetts
77%
1.7Ohio
70%
0.6West Virginia
68%
1.1Pennsylvania
59%
1.9Kentucky
57%
1.8Mississippi
48%

Score Distribution

Percentile by Number Answered

Percent of People with Each Score

Your Score History

You have not taken this quiz